Дело о пожаловании миссурийскому историческому обществу портретов: государя императора, великого князя Алексея Александровича и ...

Доступно только в Электронных читальных залах Найти на картеНа карте
RUSMARC
00003653nmc2a22002413x 450
001ad3a16eb-b9fc-4bf6-9eb7-889f23deb994
00520241002152412.0
100##$a20240521l18861887k l0rusy0189 ca
1010#$arus
102##$aRU
105##$ay###
1222#$ad
2001#$aДело о пожаловании миссурийскому историческому обществу портретов: государя императора, великого князя Алексея Александровича и в бозе почивающего императора Александра II
$j7 декабря 1886 г. - 25 февраля 1887 г.
215##$a14 л.
$d36,5х26 см
251##$cДело
300##$aДело
371##$aДокумент не является опубликованным и широко распространяемым
461#0$1001RusGRCC00077061
$12001
$aКанцелярия Министерства Императорского двора
$1251
$cФонд
$1852
$j472
462#0$10017689511b-a2ee-4aa5-8d56-38452a1b37b7
$12001
$aКанцелярия Министерства Императорского двора. Описи дел третьего отделения третьего стола
$1251
$cОпись
$1852
$j27
$l408-1928
801#0$aRU
$bРГИА
$c20240521
$gRCR
801#1$aRU
$bГлавНИВЦ
$c20240521
$2rusmarc
801#2$aRU
$bПБ им. Б.Н. Ельцина
$c20241002
$gRCR
$2rusmarc
850##$aРГИА
852##$aРГИА
$eФедеральное казенное учреждение "Российский государственный исторический архив" (РГИА)
$j44
937##$hРГИА
$d12412317
$aASBIBLIO_SCAN
035##$aRusGRCC00077051
856##$uhttp://readingroom.main.prlib.ru/item.aspx?id_node=n194204115&mode=full
Формат отображения